Départements colonisés par le moustique tigre - Statistiques

Statistiques générales
  • Ce quiz a été pris 17 fois
  • Le résultat moyen est 63 sur 78
Réponses sur la Carte
Les réponses sont colorées sur une échelle allant du rouge au vert en fonction du pourcentage des utilisateurs qui les ont devinées à leur premier essai. Vous pouvez retrouver ces pourcentages ci-dessous.
 
Statistiques - réponses
Départements % Correct
Rhône (et métropole de Lyon)
100%
Ain
94%
Bas-Rhin
94%
Corse-du-Sud
94%
Essonne
94%
Haute-Corse
94%
Loire
94%
Paris
94%
Pyrénées-Orientales
94%
Savoie
94%
Seine-et-Marne
94%
Allier
88%
Alpes-Maritimes
88%
Haute-Savoie
88%
Hautes-Pyrénées
88%
Haut-Rhin
88%
Hauts-de-Seine
88%
Hérault
88%
Isère
88%
Jura
88%
Pyrénées-Atlantiques
88%
Seine-Saint-Denis
88%
Tarn
88%
Tarn-et-Garonne
88%
Territoire de Belfort
88%
Val-de-Marne
88%
Yvelines
88%
Ardèche
81%
Aude
81%
Aveyron
81%
Bouches-du-Rhône
81%
Charente
81%
Charente-Maritime
81%
Corrèze
81%
Côte-d'Or
81%
Doubs
81%
Gard
81%
Gironde
81%
Hautes-Alpes
81%
Loiret
81%
Lot
81%
Meurthe-et-Moselle
81%
Morbihan
81%
Moselle
81%
Oise
81%
Var
81%
Aisne
75%
Alpes-de-Haute-Provence
75%
Ariège
75%
Cantal
75%
Cher
75%
Haute-Garonne
75%
Indre
75%
Indre-et-Loire
75%
Landes
75%
Loire-Atlantique
75%
Loir-et-Cher
75%
Lot-et-Garonne
75%
Saône-et-Loire
75%
Sarthe
75%
Val-d'Oise
75%
Vaucluse
75%
Vendée
75%
Vienne
75%
Drôme
69%
Gers
69%
Haute-Loire
69%
Haute-Vienne
69%
Nièvre
69%
Puy-de-Dôme
69%
Seine-Maritime
69%
Yonne
69%
Deux-Sèvres
63%
Dordogne
63%
Ille-et-Vilaine
63%
Lozère
63%
Maine-et-Loire
63%
Mayenne
63%
Aucun quiz correspondant
Distribution des résultats
% des personnes avec chaque résultat
Percentile par nombre de réponses
Votre historique - résultats
Vous n’avez pas pris ce quiz